000 00605nam a2200217Ia 4500
005 20250508165147.0
008 008 250505s9999 xx 000 0 eng d
020 _a0-415-17373-6
037 _aTextual
040 _aFEDL
_beng
_cFEDL
041 _aeng
_2eng
084 _a371.102 3, FAU
_qFEDL
100 _aFaulkner Dorothy and others Ed.
_9780032
245 0 _aLearning relationships in the classroom
260 _aLondon, UK
_bRoutledge
_c1998
300 _a318p.
365 _aGBP
_b15.99
546 _aRSPEE
942 _cTEXL
_h371.102 3, FAU
999 _c1393506
_d1393506